000 01428nam a2200361Ia 4500
001 ebr10280045
003 CaPaEBR
006 m u
007 cr cn|||||||||
008 080923s2009 mnua sb 001 0 eng d
010 _z 2008042230
020 _z9780816656387
020 _z081665638X
020 _z9780816656394
020 _z0816656398
040 _aCaPaEBR
_cCaPaEBR
035 _a(OCoLC)646801496
050 1 4 _aNA9040
_b.U677 2009eb
245 0 0 _aUrban design
_h[electronic resource] /
_cAlex Krieger and William S. Saunders, editors.
260 _aMinneapolis :
_bUniversity of Minnesota Press,
_cc2009.
300 _axix, 368 p. :
_bill.
500 _a"Most of the essays published here previously appeared in Harvard design magazine, Harvard University Graduate School of Design".
504 _aIncludes bibliographical references and index.
533 _aElectronic reproduction.
_bPalo Alto, Calif. :
_cebrary,
_d2009.
_nAvailable via World Wide Web.
_nAccess may be limited to ebrary affiliated libraries.
650 0 _aCity planning.
650 0 _aArchitectural design.
655 7 _aElectronic books.
_2local
700 1 _aKrieger, Alex,
_d1951-
700 1 _aSaunders, William S.
710 2 _aebrary, Inc.
730 0 _aHarvard design magazine.
856 4 0 _uhttp://site.ebrary.com/lib/rucke/Doc?id=10280045
_zAn electronic book accessible through the World Wide Web; click to view
999 _c4028
_d4028